Los primeros días en casa : (Record no. 110271)
[ view plain ]
| 000 -CABECERA | |
|---|---|
| campo de control de longitud fija | 01082ngm a2200217 a 4500 |
| 005 - FECHA Y HORA DE LA ÚLTIMA TRANSACCIÓN | |
| campo de control | 20240925064447.0 |
| 008 - ELEMENTOS DE LONGITUD FIJA--INFORMACIÓN GENERAL | |
| campo de control de longitud fija | 050418s2003 mx 120 d daspa d |
| 035 ## - NÚMERO DE CONTROL DEL SISTEMA | |
| Número de control de sistema | UPN01000138123 |
| 049 ## - COLECCIÓN | |
| Colección | AV |
| 050 #4 - SIGNATURA TOPOGRÁFICA DE LA BIBLIOTECA DEL CONGRESO | |
| Número de clasificación | DVD HQ 12 |
| 245 04 - MENCIÓN DE TÍTULO | |
| Título | Los primeros días en casa : |
| Resto del título | manteniendo a tu bebé sano y feliz. |
| 260 ## - PUBLICACIÓN, DISTRIBUCIÓN, ETC. | |
| Lugar de publicación, distribución, etc. | [E.U.A.] : |
| Nombre del editor, distribuidor, etc. | USA video, |
| Fecha de publicación, distribución, etc. | c2003. |
| 300 ## - DESCRIPCIÓN FÍSICA | |
| Extensión | 1 DVD (120 min.) : |
| Otras características físicas | son. col. ; |
| Dimensiones | 4 3/4 plg. |
| 440 #0 - MENCIÓN DE SERIE/ASIENTO SECUNDARIO--TÍTULO | |
| Título | Baby time |
| 500 ## - NOTA GENERAL | |
| Nota general | El material incluye : 11 capítulos con versiones inglés y español |
| 520 ## - NOTA DE RESUMEN, ETC. | |
| Sumario, etc. | Facilita la transición a la paternidad, por medio de consejos y recomendaciones que los nuevos padres siempre necesitan y que son muy importantes en los primeros días y semanas siguientes a la llegada del bebé. Aprenda más acerca de su bebé recién nacido: su apariencia, alimentación, el dormir, el baño, cómo relajarlo, su seguridad, la experiencia del post-parto y mucho más |
| 650 #4 - ASIENTO SECUNDARIO DE MATERIA - TERMINO TEMATICO | |
| Término de materia o nombre geográfico como elemento de entrada | Niños |
| Subdivisión general | Salud e higiene |
| 9 (RLIN) | 4876 |
| 650 #4 - ASIENTO SECUNDARIO DE MATERIA - TERMINO TEMATICO | |
| Término de materia o nombre geográfico como elemento de entrada | INFANTES - |
| Subdivisión general | SALUD E HIGIENE |
| 9 (RLIN) | 14050 |
| 650 #4 - ASIENTO SECUNDARIO DE MATERIA - TERMINO TEMATICO | |
| Término de materia o nombre geográfico como elemento de entrada | Padres e hijos |
| 9 (RLIN) | 1360 |
| 905 ## - TIPO DE MATERIAL | |
| Tipo de material | Electrónico |
| Estado de retiro | Estado de pérdida | Fuente del sistema de clasificación o colocación | Estado dañado | No para préstamo | Código de colección | Localización permanente | Ubicación/localización actual | Ubicación en estantería | Total de préstamos | Clasificación | Código de barras | Fecha visto por última vez | Número de copia | Tipo de ítem Koha |
|---|---|---|---|---|---|---|---|---|---|---|---|---|---|---|
| Library of Congress Classification | Audiovisuales | Bib. Gregorio Torres Quintero | Bib. Gregorio Torres Quintero | Audiovisual | DVD HQ 12 | 227874 | 31/12/2020 | 1 | Formato Digital |
